Golden Globe Best Actress - Drama movies - Statistics

General Stats
  • This quiz has been taken 37 times
  • The average score is 40 of 84
Answer Stats
Year Actress Movie % Correct
1991 Jodie Foster The Silence of the Lambs
94%
2010 Natalie Portman Black Swan
90%
2003 Charlize Theron Monster
87%
2015 Brie Larson Room
87%
2011 Meryl Streep The Iron Lady
87%
2019 Renee Zellweger Judy
84%
2006 Helen Mirren The Queen
84%
2013 Cate Blanchett Blue Jasmine
81%
2004 Hilary Swank Million Dollar Baby
81%
1990 Kathy Bates Misery
77%
2009 Sandra Bullock The Blind Side
77%
2002 Nicole Kidman The Hours
77%
2017 Frances McDormand Three Billboards Outside Ebbing, Missouri
77%
1999 Hilary Swank Boy's Don't Cry
74%
2014 Julianne Moore Still Alice
74%
1985 Whoopi Goldberg The Color Purple
74%
2000 Julia Roberts Erin Brockovich
71%
2023 Lily Gladstone Killers of the Flower Moon
71%
2012 Jessica Chastain Zero Dark Thirty
71%
1975 Louise Fletcher One Flew Over the Cuckoo's Nest
68%
2022 Cate Blanchett Tar
68%
1983 Shirley MacLaine Terms of Endearment
68%
1988 (TIE) Jodie Foster The Accused
68%
1992 Emma Thompson Howards End
65%
1993 Holly Hunter The Piano
65%
1995 Sharon Stone Casino
61%
1978 Jane Fonda Coming Home
61%
1998 Cate Blanchett Elizabeth
61%
1994 Jessica Lange Blue Sky
58%
1976 Faye Dunaway Network
58%
1979 Sally Field Norma Rae
58%
1980 Mary Tyler Moore Ordinary People
58%
1971 Jane Fonda Klute
55%
2008 Kate Winslet Revolutionary Road
55%
1953 Audrey Hepburn Roman Holiday
55%
2018 Glenn Close The Wife
55%
2005 Felicity Huffman Transamerica
55%
1984 Sally Field Places in the Heart
52%
1982 Meryl Streep Sophie's Choice
52%
1950 Gloria Swanson Sunset Boulevard
52%
1986 Marlee Matlin Children of a Lesser God
48%
Sigourney Weaver Gorillas in the Mist
48%
1970 Ali MacGraw Love Story
48%
2021 Nicole Kidman Being the Ricardos
45%
1944 Ingrid Bergman Gaslight
45%
2024 Fernanda Torres I'm Still Here
45%
2001 Sissy Spacek In the Bedroom
45%
1974 Gena Rowlands A Woman Under the Influence
42%
1957 Joanne Woodward The Three Faces of Eve
42%
1987 Sally Kirkland Anna
39%
2016 Isabelle Huppert Elle
39%
1996 Brenda Blethyn Secrets & Lies
39%
1954 Grace Kelly The Country Girl
39%
1989 Michelle Pfeiffer The Fabulous Baker Boys
39%
1981 Meryl Streep The French Lieutenant's Woman
39%
1949 Olivia de Havilland The Heiress
39%
2020 Andra Day The United States vs. Billie Holiday
39%
1956 Ingrid Bergman Anastasia
35%
1955 Anna Magnani The Rose Tattoo
35%
2007 Julie Christie Away from Her
32%
1952 Shirley Booth Come Back, Little Sheba
32%
1958 Susan Hayward I Want to Live!
32%
1977 Jane Fonda Julia
32%
1997 Judi Dench Mrs. Brown
32%
1948 Janey Wyman Johnny Belinda
26%
1972 Liv Ullmann The Emigrants
26%
1969 Genevieve Bujold Anne of the Thousand Days
23%
1968 Joanne Woodward Rachel, Rachel
23%
1943 Jennifer Jones The Song of Bernadette
23%
1966 Anouk Aimee A Man and a Woman
19%
1959 Elizabeth Taylor Suddenly, Last Summer
19%
1962 Geraldine Page Sweet Bird of Youth
19%
1945 Ingrid Bergman The Bells of St. Mary's
19%
1964 Anne Bancroft The Pumpkin Eater
16%
1967 Edith Evans The Whisperers
16%
1947 Rosalind Russell Mourning Becomes Electra
13%
1965 Samantha Eggar The Collector
13%
1963 Leslie Caron The L-Shaped Room
13%
1973 Marsha Mason Cinderella Liberty
10%
1961 Geraldine Page Summer and Smoke
10%
1960 Greer Garson Sunrise at Campobello
10%
1951 Jane Wyman The Blue Veil
10%
Shirley MacLaine Madame Sousatzka
6%
1946 Rosalind Russell Sister Kenny
6%
No matching quizzes found
Score Distribution
Percent of People with Each Score
Percentile by Number Answered
Your Score History
You have not taken this quiz